000 01268cam a2200361ua 4500
001 4456440
003 ARRUPE
005 20150916103531.0
008 860819s1969 enkbd b 001 0 eng d
020 _a0140441271 (pbk.) :
035 _a(OCoLC)5011968
035 _a(OCoLC)ocm05011968
035 _a(NNC)4456440
040 _aNNUT
_cNNUT
041 1 _aeng
_hlat
043 _ae------
_aff-----
_aaw-----
050 _aPA6638.
_bA4 1963
100 0 _aPliny
_cThe younger
_919936
245 1 4 _aThe letters of the Younger Pliny /
_ctranslated with an introduction by Betty Radice.
260 _aHarmondsworth, Middlesex, England :
_bPenguin Books ;
_aNew York, N.Y. :
_bViking Penguin,
_cc1963.
300 _a320 p.;
_bmaps, plan ;
_c18 cm.
490 1 _aPenguin classics ;
_vL127
500 _aTranslated from the Latin.
500 _a"Reprinted 1971 ... 1985"--T.p. verso.
500 _aBook 10 contains Pliny's correspondence with Trajan.
500 _aIncludes index.
504 _a"Select Bibliography": p. [314]-315.
700 1 _aRadice, Betty.
_919937
700 0 2 _aTrajan,
_cEmperor of Rome,
_d53-117.
_tCorrespondence.
_kSelections.
_lEnglish.
_919938
830 0 _aPenguin classics ;
_vL127.
_919939
942 _2lcc
_cMONOGRAPH
999 _c123421
_d123421